Electrónica digital: principios y aplicaciones (Record no. 12740)

MARC details
000 -LEADER
campo de control de longitud fija 00403nam a2200133Ia 4500
008 - DATOS DE LONGITUD FIJA--INFORMACIÓN GENERAL
campo de control de longitud fija 231129s9999||||xx |||||||||||||| ||spa||
020 ## - NÚMERO INTERNACIONAL ESTÁNDAR DEL LIBRO
Número Internacional Estándar del Libro ISBN 10: 970-10-6667
040 ## - FUENTE DE CATALOGACIÓN
Lengua de catalogación spa
082 ## - NÚMERO DE LA CLASIFICACIÓN DECIMAL DEWEY
Número de clasificación 621.3815 T646e
100 ## - ENTRADA PRINCIPAL--NOMBRE DE PERSONA
Nombre de persona Tokheim Roger L.
245 #0 - MENCIÓN DEL TÍTULO
Título Electrónica digital: principios y aplicaciones
264 ## - PRODUCCIÓN, PUBLICACIÓN, DISTRIBUCIÓN, FABRICACIÓN Y COPYRIGHT
Producción, publicación, distribución, fabricación y copyright McGraw-Hill / Interamericana Editores
942 ## - ELEMENTOS DE ENTRADA SECUNDARIOS (KOHA)
Fuente del sistema de clasificación o colocación Clasificación Decimal Dewey
Tipo de ítem Koha

No items available.

Powered by Koha